Stations du métro parisien en mort subite - Statistiques

Statistiques générales
  • Ce quiz a été pris 4 288 fois
    3 134 depuis la dernière actualisation
  • Le résultat moyen est 8 sur 20
Answers on the Grid
Answers color-coded by a green-red scale on the quiz's grid according to % correct below.
Europe
Cardinal Leprêtre
Corvisart
Cour de Bercy
Soupleix
Jasmin
Massy
Marcel s'en bat
Bouse
George VII
Cadet Rousselle
Jean Louis Auber
Rue des Boulets
Mouton Cadet
Goncourt
Poissonnière
Château Rouge
Château Landon
Château Neuf
Riquet
Bolivar
Censier Daubenton
Sully Morland
Pernety
Boissière
Rome
Hachis Parmentier
Gare du quai
Liège
Bruxelles
Couronnes
Epines
Pique-puce
Saint-Germain-l'Auxerrois
Port-Réal
Filles du Calvaire
Chatte-Lait
Saint Supplice
Rue du Bac
Alexandre Dumas
 
Statistiques - réponses
Réponse % Correct
Europe
72%
Poissonnière
55%
Corvisart
52%
Château Rouge
50%
Rome
50%
Filles du Calvaire
48%
Couronnes
42%
Rue du Bac
42%
Alexandre Dumas
39%
Jasmin
39%
Liège
36%
Sully Morland
36%
Goncourt
35%
Boissière
34%
Censier Daubenton
32%
Riquet
32%
Rue des Boulets
32%
Pernety
30%
Bolivar
29%
Château Landon
29%
Aucun quiz correspondant
Distribution des résultats
% des personnes avec chaque résultat
Percentile par nombre de réponses
Votre historique - résultats
Vous n’avez pas pris ce quiz depuis la dernière actualisation